Central Library OPAC University of Rajshahi

পৃ্তহিবী জিড়ে উদ্ভিদ = (Record no. 39758)

MARC details
000 -LEADER
fixed length control field 00957nam a2200229 a 4500
001 - CONTROL NUMBER
control field 39758
003 - CONTROL NUMBER IDENTIFIER
rucl marc code BD-RjUL
005 - DATE AND TIME OF LATEST TRANSACTION
control field 20211209053043.0
008 - FIXED-LENGTH DATA ELEMENTS--GENERAL INFORMATION
fixed length control field 160417s2010 bg a|||| |||| 00| 0 ben d
020 ## - INTERNATIONAL STANDARD BOOK NUMBER
International Standard Book Number 984702020043
Terms of availability : TK. 130.00
035 ## - SYSTEM CONTROL NUMBER
System control number (BD-RjUL)39871
040 ## - CATALOGING SOURCE
Original cataloging agency BD-RjUL
Language of cataloging ben
Transcribing agency BD-RjUL
041 ## - LANGUAGE CODE
Language code of text/sound track or separate title ben
082 ## - DEWEY DECIMAL CLASSIFICATION NUMBER
Edition number 23
Classification number 581.95492
Author mark and year PRI 2010
245 00 - TITLE STATEMENT
Title পৃ্তহিবী জিড়ে উদ্ভিদ =
Remainder of title The World of Plant /
Statement of responsibility, etc. সম্পাদনায় আব্দুল্লাহ-আল-মামুন
260 ## - PUBLICATION, DISTRIBUTION, ETC. (IMPRINT)
Place of publication, distribution, etc. ঢাকা :
Name of publisher, distributor, etc. বিজ্ঞান একাডেমী,
Date of publication, distribution, etc. ২০১০
300 ## - PHYSICAL DESCRIPTION
Pagination ৪৪ পৃ. :
Illustrations চিত্র ;
Size ২২ সেমি.
650 ## - SUBJECT ADDED ENTRY--TOPICAL TERM
Topical term or geographic name as entry element উদ্ভিদ বিজ্ঞান
Geographic subdivision বাংলাদেশ
9 (RLIN) 122469
Topical term or geographic name as entry element Botany
Geographic subdivision Bangladesh
9 (RLIN) 122470
700 ## - ADDED ENTRY--PERSONAL NAME
Personal name আব্দুল্লাহ-আল-মামুন, সম্পাদক
942 ## - ADDED ENTRY ELEMENTS (KOHA)
Source of classification or shelving scheme Dewey Decimal Classification
Koha item type Books
Holdings
Lost status Source of classification or shelving scheme Damaged status Not for loan Collection code Permanent Location Current Location Shelving location Date acquired Source of acquisition Cost, normal purchase price Total Checkouts Full call number Date last seen Copy number Koha item type
  Dewey Decimal Classification   Not For Loan Non-fiction Central Library, University of Rajshahi Central Library, University of Rajshahi Reading Room 03/08/2014 Batighor, Chittagong 97.50   B 581.95492 PRI 2010 17/04/2016 C-1 Books